<?xml version="1.0" encoding="UTF-8"?>
<record
    xmlns:xsi="http://www.w3.org/2001/XMLSchema-instance"
    xsi:schemaLocation="http://www.loc.gov/MARC21/slim http://www.loc.gov/standards/marcxml/schema/MARC21slim.xsd"
    xmlns="http://www.loc.gov/MARC21/slim">

  <leader>00764na  a2200229   4500</leader>
  <controlfield tag="001">21968</controlfield>
  <controlfield tag="003">MIRAKIL</controlfield>
  <controlfield tag="005">20181213155150.0</controlfield>
  <controlfield tag="008">170209b        tu            000 0      </controlfield>
  <datafield tag="040" ind1=" " ind2=" ">
    <subfield code="a">Milas</subfield>
    <subfield code="b">tur</subfield>
    <subfield code="c">TR-AnCHP</subfield>
  </datafield>
  <datafield tag="041" ind1=" " ind2=" ">
    <subfield code="a">tur</subfield>
  </datafield>
  <datafield tag="082" ind1=" " ind2=" ">
    <subfield code="a">792</subfield>
    <subfield code="b">D38 2011</subfield>
  </datafield>
  <datafield tag="090" ind1=" " ind2=" ">
    <subfield code="a">792 D38 2011</subfield>
  </datafield>
  <datafield tag="245" ind1=" " ind2=" ">
    <subfield code="a">Devlet Tiyatrolar&#x131;'n&#x131;n 60. y&#x131;l&#x131;nda 60 d&#xFC;nya promiyeri</subfield>
    <subfield code="c">Devlet Tiyatrolar&#x131; Genel M&#xFC;d&#xFC;rl&#xFC;&#x11F;&#xFC;</subfield>
  </datafield>
  <datafield tag="260" ind1=" " ind2=" ">
    <subfield code="a">Ankara</subfield>
    <subfield code="b">Devlet Tiyatrolar&#x131; Genel M&#xFC;d&#xFC;rl&#xFC;&#x11F;&#xFC;</subfield>
    <subfield code="c">2011</subfield>
  </datafield>
  <datafield tag="300" ind1=" " ind2=" ">
    <subfield code="a">2 c.</subfield>
    <subfield code="b">fot&#x11F;.</subfield>
    <subfield code="c">31 sm.</subfield>
  </datafield>
  <datafield tag="610" ind1=" " ind2=" ">
    <subfield code="a">Devlet Tiyatrolar&#x131;</subfield>
    <subfield code="x">Oyunlar</subfield>
    <subfield code="y">Kataloglar</subfield>
  </datafield>
  <datafield tag="610" ind1=" " ind2=" ">
    <subfield code="a">Devlet Tiyatrolar&#x131;</subfield>
    <subfield code="x">Y&#x131;ll&#x131;klar</subfield>
    <subfield code="y">Pr&#xF6;mierler</subfield>
  </datafield>
  <datafield tag="650" ind1=" " ind2=" ">
    <subfield code="a">Tiyatro</subfield>
    <subfield code="x">Pr&#xF6;mierler</subfield>
    <subfield code="y">Kataloglar</subfield>
  </datafield>
  <datafield tag="710" ind1=" " ind2=" ">
    <subfield code="a">Devlet Tiyatrolar&#x131; Genel M&#xFC;d&#xFC;rl&#xFC;&#x11F;&#xFC;</subfield>
  </datafield>
  <datafield tag="942" ind1=" " ind2=" ">
    <subfield code="2">dcc</subfield>
    <subfield code="c">BKS</subfield>
  </datafield>
  <datafield tag="952" ind1=" " ind2=" ">
    <subfield code="a">0001</subfield>
    <subfield code="b">0001</subfield>
    <subfield code="d">2017-02-09</subfield>
    <subfield code="e">2</subfield>
    <subfield code="l">0</subfield>
    <subfield code="o">792 D38 2011</subfield>
    <subfield code="p">012942</subfield>
    <subfield code="r">2017-02-09 00:00:00</subfield>
    <subfield code="v">0.00</subfield>
    <subfield code="w">2017-02-09</subfield>
    <subfield code="y">BKS</subfield>
  </datafield>
  <datafield tag="952" ind1=" " ind2=" ">
    <subfield code="a">0001</subfield>
    <subfield code="b">0001</subfield>
    <subfield code="d">2017-02-09</subfield>
    <subfield code="e">2</subfield>
    <subfield code="l">0</subfield>
    <subfield code="o">792 D38 2011</subfield>
    <subfield code="p">012943</subfield>
    <subfield code="r">2017-02-09 00:00:00</subfield>
    <subfield code="v">0.00</subfield>
    <subfield code="w">2017-02-09</subfield>
    <subfield code="y">BKS</subfield>
  </datafield>
  <datafield tag="999" ind1=" " ind2=" ">
    <subfield code="c">7837</subfield>
    <subfield code="d">7837</subfield>
  </datafield>
</record>
